| 000 | 004670000a22001810004500 | ||
|---|---|---|---|
| 003 | MACL | ||
| 005 | 20160122141355.0 | ||
| 008 | 160122b xxu||||| |||| 00| 0 eng d | ||
| 040 |
_aMACL _cMACL |
||
| 041 | _aEnglish | ||
| 082 | _a745.92 | ||
| 100 |
_aLawrence, Mary _934091 |
||
| 245 | _aEasy to make Dried Flower Arranging | ||
| 260 |
_bAnanya Publishers Ltd _c1994 _aHong Kong |
||
| 350 | _a225 | ||
| 650 |
_aDecorative Arts _97454 |
||
| 942 |
_cBK _k745.92/LAW _2ddc |
||
| 999 |
_c31733 _d31733 |
||